Statistiche per Classifica Marcatori Borussia Dortmund All-Time

Clicka qui per fare il quiz!

Statistiche generali

  • Questo quiz è stato fatto 6 volte
  • Il punteggio medio è 2 su 10

Statistiche sulle risposte

GolNazioneCalciatore% Corretto
167GermaniaMarco Reus
100%
141Francia / GabonPierre-Emerick Aubameyang
83%
177GermaniaAdi Preißler
0%
124GermaniaAlfred Kelbassa
0%
125GermaniaAlfred Niepieklo
0%
143GermaniaJürgen Schütz
0%
148GermaniaLothar Emmerich
0%
158GermaniaManfred Burgsmüller
0%
159GermaniaMichael Zorc
0%
155GermaniaTimo Konietzka
0%

Distribuzione punteggi

Percentile per numero di risposta

Percentuale di utenti per punteggio

I tuoi punteggi nel tempo

Non hai fatto questo quiz